Stern Men / (Record no. 15492)
[ view plain ]
| 000 -LEADER | |
|---|---|
| fixed length control field | 01418cam a2200373 a 4500 |
| 001 - CONTROL NUMBER | |
| control field | 11782100 |
| 005 - DATE AND TIME OF LATEST TRANSACTION | |
| control field | 20180123105927.0 |
| 008 - FIXED-LENGTH DATA ELEMENTS--GENERAL INFORMATION | |
| fixed length control field | 990826s2009 mau |r 000 f eng |
| 010 ## - LIBRARY OF CONGRESS CONTROL NUMBER | |
| LC control number | 99046756 |
| 020 ## - INTERNATIONAL STANDARD BOOK NUMBER | |
| International Standard Book Number | 074759824X |
| 020 ## - INTERNATIONAL STANDARD BOOK NUMBER | |
| International Standard Book Number | 9780747598244 |
| 040 ## - CATALOGING SOURCE | |
| Original cataloging agency | DLC |
| Transcribing agency | DLC |
| Modifying agency | DLC |
| 043 ## - GEOGRAPHIC AREA CODE | |
| Geographic area code | n-us-me |
| 050 00 - LIBRARY OF CONGRESS CALL NUMBER | |
| Classification number | PS3557.I3415 |
| Item number | S74 2000 |
| 082 00 - DEWEY DECIMAL CLASSIFICATION NUMBER | |
| Classification number | 813.54 |
| Edition number | 22 |
| Item number | GIL |
| 100 1# - MAIN ENTRY--PERSONAL NAME | |
| 9 (RLIN) | 24511 |
| Personal name | Gilbert, Elizabeth, |
| Dates associated with a name | 1969- |
| 245 10 - TITLE STATEMENT | |
| Title | Stern Men / |
| Statement of responsibility, etc | Elizabeth Gilbert. |
| 260 ## - PUBLICATION, DISTRIBUTION, ETC. (IMPRINT) | |
| Place of publication, distribution, etc | London: |
| Name of publisher, distributor, etc | Bloomsbury, 2009 |
| Date of publication, distribution, etc | 2009 |
| 300 ## - PHYSICAL DESCRIPTION | |
| Extent | 289 p. ; |
| Dimensions | 24 cm. |
| 650 #0 - SUBJECT ADDED ENTRY--TOPICAL TERM | |
| Topical term or geographic name as entry element | Teenage girls |
| Form subdivision | Fiction. |
| 9 (RLIN) | 24512 |
| 650 #0 - SUBJECT ADDED ENTRY--TOPICAL TERM | |
| Topical term or geographic name as entry element | Lobster fishers |
| Form subdivision | Fiction. |
| 9 (RLIN) | 24513 |
| 650 #0 - SUBJECT ADDED ENTRY--TOPICAL TERM | |
| Topical term or geographic name as entry element | Lobster fisheries |
| Form subdivision | Fiction. |
| 9 (RLIN) | 24514 |
| 651 #0 - SUBJECT ADDED ENTRY--GEOGRAPHIC NAME | |
| Geographic name | Maine |
| Form subdivision | Fiction. |
| 9 (RLIN) | 24516 |
| 655 #7 - INDEX TERM--GENRE/FORM | |
| Genre/form data or focus term | Bildungsromans. |
| Source of term | gsafd |
| -- | 24517 |
| 655 #7 - INDEX TERM--GENRE/FORM | |
| Genre/form data or focus term | Love stories. |
| Source of term | gsafd |
| -- | 24518 |
| 653 ## - INDEX TERM--UNCONTROLLED | |
| Resource For college | |
| Arrived date list | June2011 |
| 650 #0 - SUBJECT ADDED ENTRY--TOPICAL TERM | |
| 9 (RLIN) | 24515 |
| Topical term or geographic name as entry element | Islands |
| Form subdivision | Fiction |
| 856 41 - ELECTRONIC LOCATION AND ACCESS | |
| Materials specified | Sample text |
| Uniform Resource Identifier | <a href="http://www.loc.gov/catdir/samples/hm051/99046756.html">http://www.loc.gov/catdir/samples/hm051/99046756.html</a> |
| 856 42 - ELECTRONIC LOCATION AND ACCESS | |
| Materials specified | Publisher description |
| Uniform Resource Identifier | <a href="http://www.loc.gov/catdir/description/hm022/99046756.html">http://www.loc.gov/catdir/description/hm022/99046756.html</a> |
| 856 42 - ELECTRONIC LOCATION AND ACCESS | |
| Materials specified | Contributor biographical information |
| Uniform Resource Identifier | <a href="http://www.loc.gov/catdir/enhancements/fy0736/99046756-b.html">http://www.loc.gov/catdir/enhancements/fy0736/99046756-b.html</a> |
| 942 ## - ADDED ENTRY ELEMENTS (KOHA) | |
| Source of classification or shelving scheme | Dewey Decimal Classification |
| Item type | Book - Borrowing |
| Withdrawn status | Item status | Source of classification or shelving scheme | Damaged status | Not for loan | Vendor | Home library | Current library | Shelving location | Date acquired | Source of acquisition | Cost, normal purchase price | Serial Enumeration / chronology | Total Checkouts | Total Renewals | Full call number | Barcode | Checked out | Date last seen | Date last borrowed | Koha item type |
|---|---|---|---|---|---|---|---|---|---|---|---|---|---|---|---|---|---|---|---|---|
| Dewey Decimal Classification | Baccah | Central Library | Central Library | Second Floor | 01/06/2011 | 100.00 | 12344 | 4 | 11 | 813.54 GIL | 000023934 | 17/03/2020 | 16/02/2020 | 16/02/2020 | Book - Borrowing |